The History of the european space agency (Record no. 14404)

MARC details
000 -LEADER
fixed length control field 00815nam a2200217Ia 4500
003 - CONTROL NUMBER IDENTIFIER
control field IN-BaIIA
008 - FIXED-LENGTH DATA ELEMENTS--GENERAL INFORMATION
fixed length control field 211028s9999 xx 000 0 eng d
020 ## - INTERNATIONAL STANDARD BOOK NUMBER
International Standard Book Number 92-9092-744-5
040 ## - CATALOGING SOURCE
Transcribing agency IIA Library
080 ## - UNIVERSAL DECIMAL CLASSIFICATION NUMBER
Universal Decimal Classification number 52(091)(082.2)
Item number THE
111 ## - MAIN ENTRY--MEETING NAME
Meeting name or jurisdiction name as entry element International Symposium on the History of the European Space Agency
Location of meeting London, U. K.
Date of meeting or treaty signing 1998 Nov. 11-13
9 (RLIN) 25538
245 #4 - TITLE STATEMENT
Title The History of the european space agency
Remainder of title proceedings of an international symposium held in London, U. K., November 11-13, 1998
Statement of responsibility, etc. edited by R. A. Harris
260 ## - PUBLICATION, DISTRIBUTION, ETC.
Place of publication, distribution, etc. Netherlands
Name of publisher, distributor, etc. European Space Agency
Date of publication, distribution, etc. 1999
300 ## - PHYSICAL DESCRIPTION
Extent 252p.
490 ## - SERIES STATEMENT
Series statement SP-436
650 ## - SUBJECT ADDED ENTRY--TOPICAL TERM
Topical term or geographic name entry element European space agency
9 (RLIN) 25539
650 ## - SUBJECT ADDED ENTRY--TOPICAL TERM
Topical term or geographic name entry element Science programme
9 (RLIN) 25540
650 ## - SUBJECT ADDED ENTRY--TOPICAL TERM
Topical term or geographic name entry element Space transportation system
9 (RLIN) 25541
700 ## - ADDED ENTRY--PERSONAL NAME
Personal name Harris, R. A., ed.
9 (RLIN) 25542
942 ## - ADDED ENTRY ELEMENTS (KOHA)
Koha item type Books
Holdings
Withdrawn status Lost status Damaged status Not for loan Home library Current library Shelving location Date acquired Total Checkouts Full call number Barcode Date last seen Price effective from Koha item type
        IIA Library-Bangalore IIA Library-Bangalore General Stacks 27/12/2001   52(091)(082.2)/ THE 15324 05/11/2021 27/12/2001 Books

Powered by Koha